01438nab a2200205uuc4500001000800000005001700008008004100025035001200066040001300078041000800091100008800099245011300187520066800300650004800968650005101016650003601067773010001103942001001203999001901213134117020240820090155.0130829m01uu2012 spa  a1341170 ccomduadb aspa10aSchumacher, Christian4aut0(isni)0000 0003 5906 98650(viaf)215347431eaut929359310aEspecies naturales, leyes causales y conceptos mágicos: una aproximación a lo real maravilloso americano3 aLa historia de las ideas en América Latina está atravesada por una relación enajenada con la naturaleza, que aparece como mágica, indescifrable y hostil. Las dos características principales de esta concepción de naturaleza son la abundancia de especies extrañas y la impredecibilidad de los acontecimientos .En este ensayo argumentaré que la primera característica es un efecto natural del proceso de aprendizaje inductivo bajo condiciones del Descubrimiento y de la Conquista, y que la segunda característica es a su vez un efecto de la manera cómo las expectativas empíricas con las especies extrañas fueron cifradas en leyes causales. 7aRealismo mágico (Literatura)2lemb952182 aHistoria de las ideas - America Latina9100687 aNaturaleza (Filosofía)9675620 tAreté : Revista de Filosofía (Lima)gVol. 24, No. 01, 2012, 153-177w92929z1016913X090069 cARIMP c652812d652812